[Event "4NCL Division Three West"]
[Site "Warwick, ENG"]
[Date "2023.04.30"]
[Round "10.61"]
[White "Grillage, Andrew"]
[Black "Coates, David H"]
[Result "1/2-1/2"]
[WhiteElo "2022"]
[BlackElo "2002"]
[PlyCount "53"]
[EventDate "2023.04.30"]
[WhiteTeam "Shropshire & Friends"]
[BlackTeam "Ashfield 1"]

1. d4 Nf6 2. Nc3 d5 3. Bf4 g6 4. e3 Bg7 5. h4 h5 6. Nf3 O-O 7. Ne5 c5 8. Be2
cxd4 9. exd4 Nc6 10. Qd2 Bf5 11. a3 Nd7 12. Nxc6 bxc6 13. g4 hxg4 14. h5 e5 15.
Bh6 exd4 16. Bxg7 Kxg7 17. hxg6 fxg6 18. Qxd4+ Qf6 19. Qd2 Rh8 20. O-O-O Rxh1
21. Rxh1 Rh8 22. Rf1 Ne5 23. Nd1 Rb8 24. Rh1 Rh8 25. Rg1 Rb8 26. Rh1 Rh8 27.
Rg1 1/2-1/2

[Event "4NCL Division Three West"]
[Site "Warwick, ENG"]
[Date "2023.04.30"]
[Round "10.62"]
[White "Mossong, Hubert"]
[Black "Higgie, Charles L"]
[Result "1/2-1/2"]
[WhiteElo "2042"]
[BlackElo "1936"]
[PlyCount "64"]
[EventDate "2023.04.30"]
[WhiteTeam "Ashfield 1"]
[BlackTeam "Shropshire & Friends"]

1. e4 c5 2. Nc3 Nc6 3. Bb5 Nd4 4. Nge2 Nxb5 5. Nxb5 a6 6. Nbc3 d6 7. d4 cxd4 8.
Qxd4 Nf6 9. Bg5 e6 10. O-O-O Be7 11. Bxf6 gxf6 12. f3 Bd7 13. g4 Qa5 14. Kb1
Qc5 15. Qd2 O-O-O 16. Nd4 h5 17. h3 hxg4 18. hxg4 Qg5 19. Qf2 Qc5 20. Qd2 Kb8
21. Nb3 Qc8 22. Qe2 Rxh1 23. Rxh1 Rh8 24. Rd1 b6 25. a4 Bc6 26. Nd5 Bd8 27. Nb4
Bxa4 28. Nxa6+ Ka7 29. Nb4 Bd7 30. Rd4 Qb7 31. Nd2 Be7 32. Qd3 b5 1/2-1/2

[Event "4NCL Division Three West"]
[Site "Warwick, ENG"]
[Date "2023.04.30"]
[Round "10.63"]
[White "Bryant, Richard B E"]
[Black "Truman, Richard G"]
[Result "0-1"]
[WhiteElo "1850"]
[BlackElo "2003"]
[PlyCount "84"]
[EventDate "2023.04.30"]
[WhiteTeam "Shropshire & Friends"]
[BlackTeam "Ashfield 1"]

1. e4 c5 2. Nc3 Nc6 3. f4 g6 4. Nf3 Bg7 5. Bb5 Nd4 6. O-O Nxb5 7. Nxb5 d5 8.
exd5 a6 9. Nc3 Nf6 10. d3 Nxd5 11. Ne4 Qc7 12. Qe1 O-O 13. Qh4 f5 14. Neg5 h6
15. Nh3 Qd6 16. Qe1 Bd7 17. Qe2 Rae8 18. Ne5 Kh7 19. Rf3 Nf6 20. Rg3 Ng4 21.
Nxg4 fxg4 22. Nf2 e5 23. Ne4 exf4 24. Rxg4 Bxg4 25. Qxg4 Qd4+ 26. Kf1 c4 27.
Qf3 cxd3 28. cxd3 Rf7 29. Rb1 g5 30. h3 Rd7 31. Nf2 Rde7 32. Bd2 Re2 33. Qxe2
Rxe2 34. Kxe2 Qd5 35. Rc1 Qxg2 36. Rc7 Kg6 37. Rd7 Qc6 38. Rd8 f3+ 39. Kf1 Qc2
40. Rd6+ Kh5 41. Ne4 Qd1+ 42. Kf2 Qe2+ 0-1

[Event "4NCL Division Three West"]
[Site "Warwick, ENG"]
[Date "2023.04.30"]
[Round "10.64"]
[White "Naylor-Eade, Michael A"]
[Black "Slegg, Gary"]
[Result "1-0"]
[WhiteElo "1962"]
[BlackElo "1671"]
[PlyCount "37"]
[EventDate "2023.04.30"]
[WhiteTeam "Ashfield 1"]
[BlackTeam "Shropshire & Friends"]

1. e4 c5 2. Nf3 Nc6 3. d4 cxd4 4. Nxd4 g6 5. c4 d6 6. Be3 Nf6 7. Nc3 Ng4 8. Be2
Nxe3 9. fxe3 Bh6 10. Nd5 Qa5+ 11. b4 Nxb4 12. Qd2 Bxe3 13. Nxe3 e5 14. Nd5 exd4
15. Qxb4 Qxb4+ 16. Nxb4 Be6 17. Nd5 Rc8 18. Kd2 O-O 19. Ne7+ 1-0

[Event "4NCL Division Three West"]
[Site "Warwick, ENG"]
[Date "2023.04.30"]
[Round "10.65"]
[White "Sloan, Cecil"]
[Black "Garnett, John S"]
[Result "0-1"]
[WhiteElo "1597"]
[BlackElo "1942"]
[PlyCount "28"]
[EventDate "2023.04.30"]
[WhiteTeam "Shropshire & Friends"]
[BlackTeam "Ashfield 1"]

1. e4 d5 2. exd5 Nf6 3. d4 Bg4 4. Be2 Bxe2 5. Qxe2 Qxd5 6. Nf3 Nc6 7. c3 O-O-O
8. O-O Qh5 9. Nbd2 e6 10. Ne4 Nxe4 11. Qxe4 Bd6 12. Bf4 Qg4 13. Ne5 Bxe5 14.
dxe5 g5 0-1

[Event "4NCL Division Three West"]
[Site "Warwick, ENG"]
[Date "2023.05.01"]
[Round "11.11"]
[White "Baker, Chris W"]
[Black "Jogstad, Martin"]
[Result "0-1"]
[WhiteElo "2294"]
[BlackElo "2403"]
[PlyCount "111"]
[EventDate "2023.05.01"]
[WhiteTeam "Warwickshire Select 1"]
[BlackTeam "CSC/Kingston 1"]

1. d4 Nf6 2. Nf3 e6 3. c4 d5 4. g3 dxc4 5. Bg2 Bd7 6. O-O Bc6 7. Qc2 b5 8. Nbd2
Be7 9. a4 a6 10. e4 O-O 11. Rd1 Bb7 12. b3 cxb3 13. Qxb3 Nxe4 14. Nxe4 Bxe4 15.
axb5 axb5 16. Rxa8 Bxa8 17. Qxb5 Qd5 18. Qd3 Nd7 19. Bf4 Bd6 20. Be3 Nb6 21.
Rc1 Rd8 22. Qc2 Qe4 23. Qxe4 Bxe4 24. Nd2 Bxg2 25. Kxg2 Nd5 26. Nc4 Be7 27. Kf3
g5 28. h3 Rb8 29. g4 Kg7 30. Ke4 Rb3 31. Nd2 Ra3 32. Nc4 Ra2 33. Ne5 Bd6 34.
Nc4 Bf4 35. h4 h6 36. hxg5 hxg5 37. Kf3 Kf6 38. Bxf4 Nxf4 39. Ne3 Rxf2+ 40. Ke4
Re2 41. Kf3 Rd2 42. Rxc7 Rxd4 43. Rc6 Rd3 44. Ke4 Ra3 45. Rc5 Ra4+ 46. Kf3 Nd3
47. Rc3 Ne5+ 48. Kg3 Rd4 49. Rc2 Rd3 50. Kf2 Ra3 51. Re2 Rb3 52. Ra2 Nd3+ 53.
Kg2 Kg6 54. Ra8 Ne1+ 55. Kf2 Rb1 56. Kg1 0-1

[Event "4NCL Division Three West"]
[Site "Warwick, ENG"]
[Date "2023.05.01"]
[Round "11.12"]
[White "Finn, Peter"]
[Black "Pitcher, John"]
[Result "1/2-1/2"]
[WhiteElo "2285"]
[BlackElo "2321"]
[PlyCount "72"]
[EventDate "2023.05.01"]
[WhiteTeam "CSC/Kingston 1"]
[BlackTeam "Warwickshire Select 1"]

1. d4 d5 2. c4 c6 3. cxd5 cxd5 4. Nc3 Nf6 5. Bf4 Nc6 6. e3 a6 7. Be2 Bf5 8. Nf3
e6 9. Qb3 Ra7 10. O-O Bd6 11. Bxd6 Qxd6 12. Na4 Nd7 13. Rac1 Bg4 14. Nc5 Bxf3
15. Bxf3 Nxc5 16. Rxc5 O-O 17. Qb6 Qb8 18. Rfc1 Ra8 19. R1c3 Qa7 20. Rb3 Qxb6
21. Rxb6 Rfb8 22. Kf1 Kf8 23. Bd1 Nd8 24. Rc7 Rc8 25. Rd7 Ke8 26. Ba4 Rc4 27.
b3 Rxa4 28. Rxd8+ Kxd8 29. bxa4 Kc7 30. Rb2 Rd8 31. Rc2+ Kd6 32. Ke2 Rd7 33.
Kd3 Rc7 34. Rxc7 Kxc7 35. a5 Kc6 36. a4 Kd6 1/2-1/2

[Event "4NCL Division Three West"]
[Site "Warwick, ENG"]
[Date "2023.05.01"]
[Round "11.13"]
[White "Larsen, Pelle O."]
[Black "Frostick, Clive A"]
[Result "1/2-1/2"]
[WhiteElo "2210"]
[BlackElo "2124"]
[PlyCount "55"]
[EventDate "2023.05.01"]
[WhiteTeam "Warwickshire Select 1"]
[BlackTeam "CSC/Kingston 1"]

1. c4 e6 2. g3 d5 3. Bg2 Nf6 4. Nf3 Be7 5. O-O O-O 6. d4 dxc4 7. Qc2 a6 8. Qxc4
b5 9. Qc2 Bb7 10. Bg5 Nbd7 11. Bxf6 Nxf6 12. Nbd2 Rc8 13. Nb3 Be4 14. Qc3 Nd5
15. Qd2 c5 16. dxc5 Bxc5 17. Nxc5 Rxc5 18. Rfc1 Rxc1+ 19. Rxc1 Qa8 20. Qd4 Nf6
21. Qc5 Rd8 22. Qc7 h6 23. Ne5 Bxg2 24. Qxf7+ Kh7 25. Qg6+ Kg8 26. Qf7+ Kh7 27.
Qg6+ Kg8 28. Qf7+ 1/2-1/2

[Event "4NCL Division Three West"]
[Site "Warwick, ENG"]
[Date "2023.05.01"]
[Round "11.14"]
[White "Farrand, Tom"]
[Black "Shephard, Chris C W"]
[Result "1/2-1/2"]
[WhiteElo "2137"]
[BlackElo "2189"]
[PlyCount "55"]
[EventDate "2023.05.01"]
[WhiteTeam "CSC/Kingston 1"]
[BlackTeam "Warwickshire Select 1"]

1. c4 f5 2. g3 Nf6 3. Bg2 e6 4. Nf3 Be7 5. O-O O-O 6. d4 d6 7. Nc3 Qe8 8. b4 c6
9. Qb3 d5 10. a4 Nbd7 11. a5 Ne4 12. b5 dxc4 13. Qxc4 Nxc3 14. Qxc3 cxb5 15.
Qb3 Nb8 16. Bf4 a6 17. Ne5 Bf6 18. Rac1 Bxe5 19. Bxe5 Nc6 20. Qc3 Nxe5 21. dxe5
Rf7 22. Rfd1 Rb8 23. Rd6 Bd7 24. Qb3 Rc8 25. Rcd1 Rc7 26. Qe3 Qc8 27. Qb6 Rf8
28. h4 1/2-1/2

[Event "4NCL Division Three West"]
[Site "Warwick, ENG"]
[Date "2023.05.01"]
[Round "11.15"]
[White "Fallowfield, Jeremy R"]
[Black "Fegan, Chris"]
[Result "1/2-1/2"]
[WhiteElo "2196"]
[BlackElo "2013"]
[PlyCount "26"]
[EventDate "2023.05.01"]
[WhiteTeam "Warwickshire Select 1"]
[BlackTeam "CSC/Kingston 1"]

1. c4 Nf6 2. g3 g6 3. Bg2 Bg7 4. Nc3 c5 5. e3 O-O 6. d4 d6 7. Nge2 Nc6 8. h3 a6
9. dxc5 dxc5 10. Bxc6 Qxd1+ 11. Kxd1 bxc6 12. Na4 Be6 13. Nec3 Bxc4 1/2-1/2

[Event "4NCL Division Three West"]
[Site "Warwick, ENG"]
[Date "2023.05.01"]
[Round "11.16"]
[White "Wilson, Ewan"]
[Black "Paterson, Andrew I"]
[Result "1-0"]
[WhiteElo "2011"]
[BlackElo "2127"]
[PlyCount "63"]
[EventDate "2023.05.01"]
[WhiteTeam "CSC/Kingston 1"]
[BlackTeam "Warwickshire Select 1"]

1. d4 Nf6 2. c4 g6 3. Nc3 Bg7 4. e4 d6 5. Be2 O-O 6. Nf3 e5 7. O-O Nc6 8. d5
Ne7 9. b4 a5 10. bxa5 Rxa5 11. a4 Nh5 12. Ba3 Nf4 13. Bb4 Ra6 14. c5 Nxe2+ 15.
Qxe2 Bg4 16. cxd6 cxd6 17. Qd3 Bxf3 18. Qxf3 f5 19. Qh3 Kh8 20. Rfd1 Ng8 21.
Rac1 fxe4 22. Nb5 Qb6 23. Bxd6 Qxf2+ 24. Kh1 Rf5 25. Bc5 Qb2 26. d6 Rxa4 27. d7
Bf6 28. Nd6 Rh5 29. d8=Q Bxd8 30. Qd7 Ra2 31. Nf7+ Kg7 32. Nxd8+ 1-0

[Event "4NCL Division Three West"]
[Site "Warwick, ENG"]
[Date "2023.05.01"]
[Round "11.21"]
[White "Burnett, Jim"]
[Black "Shearsby, Jude"]
[Result "1-0"]
[WhiteElo "2044"]
[BlackElo "2041"]
[PlyCount "71"]
[EventDate "2023.05.01"]
[WhiteTeam "Chessable White Rose 3"]
[BlackTeam "Warwickshire Select 2"]

1. d4 Nf6 2. c4 g6 3. g3 Bg7 4. Bg2 d6 5. Nc3 O-O 6. Nf3 c5 7. O-O Nc6 8. d5
Na5 9. Nd2 e6 10. Qc2 Re8 11. Re1 exd5 12. cxd5 Rb8 13. b3 b5 14. Bb2 b4 15.
Na4 Bd7 16. e4 Bxa4 17. bxa4 Qc7 18. Rac1 Rbc8 19. Bf1 Nd7 20. Bxg7 Kxg7 21. a3
Rb8 22. axb4 Nb7 23. a5 f6 24. a6 Nd8 25. b5 Nf7 26. Qc3 h5 27. Nc4 Rxb5 28. e5
fxe5 29. Nxe5 Ndxe5 30. Bxb5 Rb8 31. Bf1 Kh7 32. f4 Ng4 33. Bd3 c4 34. Qd4 Nfe5
35. fxe5 dxe5 36. Qxc4 1-0

[Event "4NCL Division Three West"]
[Site "Warwick, ENG"]
[Date "2023.05.01"]
[Round "11.22"]
[White "Baer, Bruce L"]
[Black "Shaw, Peter"]
[Result "1-0"]
[WhiteElo "1963"]
[BlackElo "2079"]
[PlyCount "129"]
[EventDate "2023.05.01"]
[WhiteTeam "Warwickshire Select 2"]
[BlackTeam "Chessable White Rose 3"]

1. g3 e5 2. Bg2 d5 3. d3 Nf6 4. Nf3 Bd6 5. O-O O-O 6. Nc3 c6 7. e4 dxe4 8. Nxe4
Nxe4 9. dxe4 Qc7 10. Nh4 Re8 11. f4 exf4 12. gxf4 Qd8 13. Qe1 f5 14. e5 Be7 15.
Nf3 Be6 16. Be3 Nd7 17. Rd1 Qc7 18. Kh1 Rad8 19. Rg1 g6 20. Qf2 c5 21. h4 Kg7
22. Ng5 Bg8 23. Bh3 Qc6+ 24. Kh2 Nf8 25. Rxd8 Rxd8 26. Bxf5 gxf5 27. Ne6+ Kh8
28. Nxd8 Bxd8 29. Qg3 Qg6 30. Bxc5 Qxg3+ 31. Kxg3 Ne6 32. Bxa7 Kg7 33. Rd1 Kf8
34. Rd7 Bc7 35. Be3 Ke8 36. Rd3 Nd8 37. Ra3 Bd5 38. b3 Kd7 39. c4 Be6 40. Bc5
Nc6 41. Ra8 Bd8 42. h5 h6 43. a4 Bf7 44. b4 Bxc4 45. b5 Ne7 46. Bxe7 Kxe7 47.
Ra7 Bd5 48. a5 Kd7 49. a6 Bb6 50. e6+ Ke7 51. Ra8 bxa6 52. Rxa6 Bc5 53. b6 Be4
54. Ra7+ Ke8 55. Rh7 Bxb6 56. Rxh6 Bd4 57. Kh4 Bd5 58. Kg5 Ke7 59. Kxf5 Bb3 60.
Rh7+ Ke8 61. Rb7 Bc2+ 62. Kg5 Kf8 63. f5 Be3+ 64. Kg6 Bd4 65. h6 1-0

[Event "4NCL Division Three West"]
[Site "Warwick, ENG"]
[Date "2023.05.01"]
[Round "11.23"]
[White "Eagleton, Greg T"]
[Black "Pal, Rohan"]
[Result "1/2-1/2"]
[WhiteElo "2107"]
[BlackElo "1849"]
[PlyCount "90"]
[EventDate "2023.05.01"]
[WhiteTeam "Chessable White Rose 3"]
[BlackTeam "Warwickshire Select 2"]

1. d4 Nf6 2. c4 e6 3. Nf3 d5 4. g3 Be7 5. Bg2 O-O 6. O-O c6 7. Qc2 b6 8. Ne5
Bb7 9. Rd1 Nbd7 10. Bf4 c5 11. dxc5 Bxc5 12. Nxd7 Qxd7 13. cxd5 exd5 14. Nc3
Qe6 15. Qd3 Ne4 16. Nxe4 dxe4 17. Qd7 Qxd7 18. Rxd7 Bc6 19. Rc7 Rfc8 20. Rxc6
Rxc6 21. Bxe4 Rcc8 22. Bxa8 Rxa8 23. Rd1 Kf8 24. Bd6+ Bxd6 25. Rxd6 Ke7 26. Rd2
Rc8 27. Kg2 Ke6 28. h4 h5 29. Kf3 g6 30. Ke4 Rc5 31. e3 Ra5 32. a3 Rc5 33. Kf3
Rf5+ 34. Ke2 Rc5 35. e4 Rc7 36. Ke3 Rc5 37. f4 Rc1 38. Kd4 Rg1 39. Rd3 Rg2 40.
b3 Rc2 41. Rc3 Rd2+ 42. Ke3 Rg2 43. Kf3 Rd2 44. Ke3 Rg2 45. Kf3 Rd2 1/2-1/2

[Event "4NCL Division Three West"]
[Site "Warwick, ENG"]
[Date "2023.05.01"]
[Round "11.24"]
[White "Sandhu, Manvith"]
[Black "Edwards-Wright, Miles D"]
[Result "1/2-1/2"]
[WhiteElo "1860"]
[BlackElo "2051"]
[PlyCount "71"]
[EventDate "2023.05.01"]
[WhiteTeam "Warwickshire Select 2"]
[BlackTeam "Chessable White Rose 3"]

1. e4 g6 2. d4 Bg7 3. Nc3 d6 4. Be3 c6 5. Qd2 Nd7 6. Bd3 b5 7. Nf3 Bb7 8. O-O
a6 9. a4 Rc8 10. h3 b4 11. Ne2 c5 12. b3 a5 13. c3 Ngf6 14. cxb4 cxb4 15. Ng3
O-O 16. Rac1 Rxc1 17. Rxc1 Qa8 18. Rc7 Rd8 19. d5 Ne8 20. Rc2 Rc8 21. Bb5 Bc3
22. Qd3 Nc5 23. Bxc5 Rxc5 24. Ne2 Nf6 25. Bc4 Be5 26. Nfd4 Nd7 27. f4 Bg7 28.
Bb5 Rxc2 29. Qxc2 Nc5 30. Nc6 Kf8 31. e5 Bxc6 32. dxc6 Qa7 33. exd6 exd6 34.
Kh2 Qc7 35. Ng3 Bh6 36. Ne2 1/2-1/2

[Event "4NCL Division Three West"]
[Site "Warwick, ENG"]
[Date "2023.05.01"]
[Round "11.25"]
[White "Wills, Tom"]
[Black "Dicen, Elis Denele"]
[Result "1/2-1/2"]
[WhiteElo "2106"]
[BlackElo "1872"]
[PlyCount "140"]
[EventDate "2023.05.01"]
[WhiteTeam "Chessable White Rose 3"]
[BlackTeam "Warwickshire Select 2"]

1. e4 c6 2. Nc3 d5 3. Nf3 Bg4 4. h3 Bxf3 5. Qxf3 Nf6 6. Be2 dxe4 7. Nxe4 Nbd7
8. d4 Nxe4 9. Qxe4 Nf6 10. Qd3 e6 11. O-O Be7 12. a4 a5 13. Bf3 O-O 14. Re1 Qc7
15. g3 Rfd8 16. c3 Rac8 17. Qc2 c5 18. dxc5 Bxc5 19. Bf4 Qb6 20. Rad1 h6 21.
Qe2 Nd5 22. Be5 Ne7 23. Rf1 Ng6 24. Bd4 Bxd4 25. cxd4 Rxd4 26. Bxb7 Rxd1 27.
Bxc8 Rxf1+ 28. Qxf1 Qxb2 29. Qd1 Qb6 30. Bd7 Ne7 31. Bb5 Nd5 32. Qf3 Qc7 33.
Bd3 Qd8 34. Kh2 Nf6 35. Bc2 g6 36. Qc3 Kg7 37. Kg1 Qd5 38. Kh2 h5 39. Kg1 Qg5
40. Bd3 h4 41. g4 Qd5 42. Bb5 e5 43. Bc6 Qd6 44. Bg2 Qd1+ 45. Kh2 Qd4 46. Qxa5
e4 47. Qe1 Qxa4 48. Qc3 Qb5 49. Bxe4 Qe2 50. Bg2 Qxf2 51. Qe5 Kh7 52. Kh1 Ng8
53. g5 Qf5 54. Qe3 f6 55. gxf6 Qxf6 56. Bf3 Ne7 57. Be4 Kg7 58. Qd3 Nf5 59.
Bxf5 Qxf5 60. Qd4+ Qf6 61. Qe4 Kh6 62. Qe2 Qf4 63. Qd3 Qf5 64. Qd2+ Kh7 65. Qe3
g5 66. Qe7+ Kg6 67. Qd6+ Qf6 68. Qd3+ Kh6 69. Qe2 Qc6+ 70. Kh2 Qd6+ 1/2-1/2

[Event "4NCL Division Three West"]
[Site "Warwick, ENG"]
[Date "2023.05.01"]
[Round "11.26"]
[White "Fellowes, Billy"]
[Black "Holroyd-Doveton, Nathaniel"]
[Result "1-0"]
[WhiteElo "1721"]
[BlackElo "1705"]
[PlyCount "95"]
[EventDate "2023.05.01"]
[WhiteTeam "Warwickshire Select 2"]
[BlackTeam "Chessable White Rose 3"]

1. e4 e6 2. Nc3 d5 3. d4 Nf6 4. Bg5 dxe4 5. Nxe4 Be7 6. Nxf6+ Bxf6 7. Bxf6 Qxf6
8. Nf3 O-O 9. Bd3 Bd7 10. Qe2 Bc6 11. Ne5 a6 12. O-O-O Rd8 13. Kb1 Bb5 14. c3
Bxd3+ 15. Rxd3 Qe7 16. Rf3 Rf8 17. h4 Nd7 18. h5 Nxe5 19. Qxe5 f6 20. Qe2 Rad8
21. Re3 Rfe8 22. Re1 Rd6 23. f4 Kf7 24. Qd3 g6 25. hxg6+ hxg6 26. Rh1 Rg8 27.
Rg3 f5 28. Rg5 Qf6 29. Qf3 c6 30. Qd1 Rh8 31. Re1 Re8 32. g4 Rdd8 33. gxf5 exf5
34. Qb3+ Kf8 35. Reg1 Qf7 36. Rxg6 Re1+ 37. Rxe1 Qxg6 38. Qxb7 Re8 39. Qb4+ Kg8
40. Qc4+ Kf8 41. Rxe8+ Qxe8 42. Qc5+ Kg8 43. Qxf5 Qe1+ 44. Kc2 Qe2+ 45. Kb3
Qd1+ 46. Ka3 Qf1 47. Qg6+ Kf8 48. Qxc6 1-0

[Event "4NCL Division Three West"]
[Site "Warwick, ENG"]
[Date "2023.05.01"]
[Round "11.31"]
[White "Southcott-Moyers, Indy"]
[Black "Mazek, Marek"]
[Result "1-0"]
[WhiteElo "2112"]
[BlackElo "2017"]
[Annotator "ahmcf"]
[PlyCount "75"]
[EventDate "2023.05.01"]
[WhiteTeam "West is Best 2"]
[BlackTeam "Manchester Manticores"]

1. d4 d5 2. c4 c6 3. Nf3 Nf6 4. e3 Bf5 5. Nc3 e6 6. Nh4 Be4 7. f3 Bg6 8. Qb3
Qc7 9. Bd2 Be7 10. Nxg6 hxg6 11. cxd5 exd5 12. O-O-O Nbd7 13. Kb1 Qb6 14. Qc2
O-O 15. g4 Rfd8 16. Bd3 a5 17. h4 Nf8 18. h5 g5 19. Rdg1 a4 20. f4 N6d7 21. h6
g6 22. h7+ Kh8 23. Rf1 gxf4 24. Rxf4 f5 25. gxf5 g5 26. Rf2 a3 27. b3 Nf6 28.
Rg2 c5 29. Rxg5 cxd4 30. exd4 Rac8 31. Rg7 Bb4 32. Bg5 N8d7 33. Rg8+ Rxg8 34.
hxg8=Q+ Kxg8 35. Bxf6 Qxf6 36. Nxd5 Qxd4 37. Qxc8+ Nf8 38. Qc2 1-0

[Event "4NCL Division Three West"]
[Site "Warwick, ENG"]
[Date "2023.05.01"]
[Round "11.32"]
[White "Webster, Richard J"]
[Black "Saunders, Aron"]
[Result "0-1"]
[WhiteElo "1912"]
[BlackElo "2117"]
[PlyCount "44"]
[EventDate "2023.05.01"]
[WhiteTeam "Manchester Manticores"]
[BlackTeam "West is Best 2"]

1. d4 d5 2. c4 c6 3. Nf3 Nf6 4. g3 g6 5. Bg2 Bg7 6. O-O O-O 7. Nbd2 Bf5 8. b3
a5 9. Bb2 Qb6 10. Nh4 Be6 11. Qc2 a4 12. c5 Qb5 13. Rfe1 axb3 14. Qxb3 Qxb3 15.
axb3 Na6 16. Rec1 Nd7 17. Bc3 Nc7 18. e3 Rxa1 19. Bxa1 Ra8 20. b4 Ra4 21. Bc3
Nb5 22. Ndf3 h6 0-1

[Event "4NCL Division Three West"]
[Site "Warwick, ENG"]
[Date "2023.05.01"]
[Round "11.33"]
[White "Freeland, Alex"]
[Black "Lyth, John D"]
[Result "1/2-1/2"]
[WhiteElo "2093"]
[BlackElo "1901"]
[PlyCount "111"]
[EventDate "2023.05.01"]
[WhiteTeam "West is Best 2"]
[BlackTeam "Manchester Manticores"]

1. d4 d5 2. c4 c6 3. cxd5 cxd5 4. Nc3 Nc6 5. Bf4 Nf6 6. e3 Bf5 7. Qb3 Na5 8.
Qa4+ Bd7 9. Qc2 e6 10. Bd3 Be7 11. Nf3 O-O 12. O-O a6 13. Ne5 h6 14. Qe2 Nc6
15. Rfc1 Rc8 16. a3 Nxe5 17. dxe5 Nh7 18. b4 f5 19. exf6 Bxf6 20. Rab1 e5 21.
Bxh7+ Kxh7 22. Bg3 Bf5 23. e4 dxe4 24. Nxe4 Qd4 25. Nxf6+ gxf6 26. Rxc8 Rxc8
27. Rd1 Qc4 28. Qd2 Qd3 29. Qxd3 Bxd3 30. f3 Bf5 31. Rd6 Rc6 32. Rd8 Rc3 33. a4
Rc4 34. Rd6 Rc6 35. Rd8 Rc4 36. Be1 Rd4 37. Rb8 Rd7 38. Kf2 Bc2 39. a5 Ba4 40.
Kg3 Rg7+ 41. Kf2 Rd7 42. Kg3 Rg7+ 43. Kh3 Bc6 44. Bh4 Kg6 45. Rf8 Rf7 46. Rd8
Rd7 47. Rg8+ Rg7 48. Rxg7+ Kxg7 49. Be1 Kg6 50. Bd2 f5 51. Kg3 e4 52. fxe4 Bxe4
53. Kf2 h5 54. g3 Bc6 55. Bf4 Bd5 56. Ke3 1/2-1/2

[Event "4NCL Division Three West"]
[Site "Warwick, ENG"]
[Date "2023.05.01"]
[Round "11.34"]
[White "Potter, Steven"]
[Black "Bullen, Alex"]
[Result "0-1"]
[WhiteElo "1901"]
[BlackElo "2157"]
[PlyCount "64"]
[EventDate "2023.05.01"]
[WhiteTeam "Manchester Manticores"]
[BlackTeam "West is Best 2"]

1. d4 d5 2. Bg5 h6 3. Bh4 c5 4. dxc5 g5 5. Bg3 Bg7 6. c3 Nf6 7. e3 Nbd7 8. Bb5
O-O 9. h4 g4 10. Ne2 Nxc5 11. Ba4 Nxa4 12. Qxa4 Ne4 13. Bh2 Bf5 14. Ng3 Nc5 15.
Qa3 Nd3+ 16. Kf1 Qd7 17. Nd2 Rfc8 18. Rd1 Bh7 19. Nb3 e6 20. Nc1 Ne5 21. Nh5
Qb5+ 22. Kg1 Nc4 23. Qe7 Qxb2 24. Bf4 Qc2 25. Nxg7 g3 26. Rf1 Nd2 27. fxg3 Nxf1
28. Kxf1 Qxc1+ 29. Kf2 Qd2+ 30. Kg1 Be4 31. Kf1 Bxg2+ 32. Kg1 Bf3 0-1

[Event "4NCL Division Three West"]
[Site "Warwick, ENG"]
[Date "2023.05.01"]
[Round "11.35"]
[White "Rathbone-Jones, Ifan"]
[Black "Livesey, R Nigel"]
[Result "1-0"]
[WhiteElo "2059"]
[BlackElo "1816"]
[PlyCount "93"]
[EventDate "2023.05.01"]
[WhiteTeam "West is Best 2"]
[BlackTeam "Manchester Manticores"]

1. d4 Nf6 2. Nf3 c5 3. c3 g6 4. Bf4 Bg7 5. dxc5 O-O 6. Nbd2 a5 7. e4 Na6 8.
Bxa6 Rxa6 9. h3 b6 10. cxb6 Qxb6 11. Qb3 Qa7 12. e5 Ne8 13. O-O d6 14. Be3 Qa8
15. Bg5 Ra7 16. Qa3 Be6 17. exd6 exd6 18. Rfe1 h6 19. Bf4 Ra6 20. Rad1 g5 21.
Bh2 g4 22. hxg4 Bxg4 23. Qa4 h5 24. Re3 Nf6 25. Nf1 d5 26. Be5 Re6 27. Qd4 Rd8
28. N1h2 Bxf3 29. Rxf3 Ne8 30. Bxg7 Nxg7 31. Rg3 Rg6 32. Rxg6 fxg6 33. c4 Nf5
34. Qf6 Rd6 35. Qg5 d4 36. c5 Re6 37. Nf3 Qd5 38. Rxd4 Qxc5 39. Rd8+ Kg7 40.
Qd2 Rd6 41. Rxd6 Nxd6 42. Ng5 Qe5 43. f4 Qc5+ 44. Kh2 Qb4 45. Qe3 Nf5 46. Qe5+
Kg8 47. Qe6+ 1-0

[Event "4NCL Division Three West"]
[Site "Warwick, ENG"]
[Date "2023.05.01"]
[Round "11.36"]
[White "Taylor, Mark"]
[Black "Taylor, William J"]
[Result "0-1"]
[WhiteElo "1811"]
[BlackElo "2054"]
[PlyCount "142"]
[EventDate "2023.05.01"]
[WhiteTeam "Manchester Manticores"]
[BlackTeam "West is Best 2"]

1. e4 e5 2. Nf3 Nc6 3. d4 exd4 4. Bc4 Nf6 5. e5 Ne4 6. Bd5 Nc5 7. O-O Ne6 8. c3
dxc3 9. Nxc3 d6 10. Bxe6 Bxe6 11. Bg5 Be7 12. Bxe7 Qxe7 13. exd6 Qxd6 14. Qxd6
cxd6 15. Rfd1 O-O-O 16. Nb5 d5 17. Nbd4 Bg4 18. Rac1 Bxf3 19. Nxf3 Rhe8 20. Kf1
Kb8 21. g3 f6 22. Rc5 d4 23. Rh5 h6 24. Rh4 d3 25. Rd4 Re2 26. Nd2 Ne5 27. Re4
Rxe4 28. Nxe4 Rd4 29. Nd2 g5 30. h3 h5 31. Kg2 h4 32. Nf3 Rd8 33. gxh4 gxh4 34.
Nxe5 fxe5 35. Kf3 Rf8+ 36. Ke3 e4 37. Rd2 Rf3+ 38. Kxe4 Rxh3 39. Kf4 Rh2 40.
Kg4 a5 41. b3 Kc7 42. a3 Kb6 43. Rxd3 Rxf2 44. Rc3 a4 45. bxa4 Rh2 46. Rc4 Ka5
47. Rb4 b6 48. Rb5+ Ka6 49. Rb3 Rh1 50. Rb4 h3 51. Kg3 h2 52. Kg2 Ra1 53. Kxh2
Rxa3 54. Kg2 Re3 55. Kf2 Re6 56. Rd4 Ka5 57. Rf4 Re5 58. Rd4 Ka6 59. Kf3 Re1
60. Rb4 Ka5 61. Rb5+ Ka6 62. Rb4 Re6 63. Kf2 Re5 64. Kf3 Ka5 65. Rd4 Re1 66.
Kf2 Ra1 67. Ke3 Ra3+ 68. Kd2 Rxa4 69. Rxa4+ Kxa4 70. Kc2 Ka3 71. Kb1 Kb3 0-1

[Event "4NCL Division Three West"]
[Site "Warwick, ENG"]
[Date "2023.05.01"]
[Round "11.41"]
[White "Pozimski, Szymon"]
[Black "Habershon, Paul F"]
[Result "1-0"]
[WhiteElo "1972"]
[BlackElo "1907"]
[PlyCount "59"]
[EventDate "2023.05.01"]
[WhiteTeam "Oxford 2"]
[BlackTeam "MK Phoenix 2"]

1. c4 g6 2. d4 Nf6 3. Nf3 Bg7 4. Nc3 O-O 5. Bg5 h6 6. Bh4 d6 7. e3 Nbd7 8. Bd3
c6 9. O-O Qc7 10. h3 b6 11. Bg3 Bb7 12. Rc1 Rae8 13. b4 c5 14. dxc5 bxc5 15. a3
Qb8 16. Nd2 Qa8 17. f3 Nh5 18. Bf2 f5 19. Nb3 Ne5 20. Be2 cxb4 21. axb4 Rc8 22.
Na5 Rc7 23. Nb5 Rd7 24. Nd4 Rc7 25. Nxb7 Qxb7 26. f4 Nf7 27. Bxh5 gxh5 28. b5
Qe4 29. Qxh5 Rc5 30. Qg6 1-0

[Event "4NCL Division Three West"]
[Site "Warwick, ENG"]
[Date "2023.05.01"]
[Round "11.42"]
[White "Valentine, Brian J"]
[Black "Rudny, Tomasz"]
[Result "1/2-1/2"]
[WhiteElo "1911"]
[BlackElo "1919"]
[PlyCount "37"]
[EventDate "2023.05.01"]
[WhiteTeam "MK Phoenix 2"]
[BlackTeam "Oxford 2"]

1. e4 c5 2. Nf3 Nc6 3. Bb5 Nf6 4. Nc3 g6 5. d3 Bg7 6. h3 e5 7. Bxc6 dxc6 8.
Nxe5 Nxe4 9. Nxe4 Bxe5 10. Qf3 f5 11. Nd2 Qe7 12. O-O O-O 13. Nc4 Bc7 14. Bd2
f4 15. Rfe1 Qg5 16. Bc3 Qd5 17. Re7 Rf7 18. Re8+ Rf8 19. Re7 1/2-1/2

[Event "4NCL Division Three West"]
[Site "Warwick, ENG"]
[Date "2023.05.01"]
[Round "11.43"]
[White "Terry, Sean"]
[Black "Williamson, Kevin J"]
[Result "1-0"]
[WhiteElo "1875"]
[BlackElo "1884"]
[PlyCount "77"]
[EventDate "2023.05.01"]
[WhiteTeam "Oxford 2"]
[BlackTeam "MK Phoenix 2"]

1. e4 d5 2. exd5 Qxd5 3. Nc3 Qe5+ 4. Be2 c6 5. Nf3 Qc7 6. d4 Bf5 7. Ne5 e6 8.
g4 Bg6 9. h4 f6 10. Nxg6 hxg6 11. Bc4 e5 12. dxe5 Qxe5+ 13. Be3 Bc5 14. Qd3
Bxe3 15. Qxg6+ Kd8 16. Rd1+ Bd4+ 17. Ne2 Qe7 18. Rxd4+ Nd7 19. Kf1 Kc7 20. Re4
Ne5 21. Qf5 Nh6 22. Qf4 Rad8 23. Nd4 Kb8 24. c3 c5 25. g5 Qd6 26. Ne6 Nxc4 27.
Rxc4 Qxf4 28. Rxf4 Rd1+ 29. Kg2 Rxh1 30. Kxh1 fxg5 31. hxg5 Ng4+ 32. Kg2 Ne5
33. Rf8+ Rxf8 34. Nxf8 Nd3 35. b3 Nc1 36. f4 Kc8 37. f5 Nxa2 38. f6 g6 39. Nxg6
1-0